[Event "DSJ Weihnachtsturnier U16: Steinitz 2020"]
[Site ""]
[Date "2020.12.28"]
[Round "2"]
[White "Colbow, Collin"]
[Black "Matthäi, Jakob"]
[Result "1-0"]
[Termination "normal"]
[Board "1.1"]
[WhiteTitle "FM"]
[WhiteElo "2339"]
[BlackElo "1919"]
[WhiteTeam "SV Werder Bremen"]
[BlackTeam "USG Chemnitz"]
[PlyCount "73"]
[WhiteFideId "16201132"]
[BlackFideId "16240421"]
[EventRounds "7"]
[EventType "team-swiss"]
[EventDate "2020.12.28"]

1. e4 {[%emt 0:00:02]} e5 {[%emt 0:00:08]} 2. Nf3 {[%emt 0:00:01]} Nc6 { [%emt
0:00:30]} 3. Bc4 {[%emt 0:00:02]} Bc5 {[%emt 0:00:18]} 4. d4 {[%emt 0:00:02]}
Bxd4 {[%emt 0:00:12]} 5. Nxd4 {[%emt 0:00:02]} Nxd4 {[%emt 0:00:09]} 6. Be3
{[%emt 0:00:02]} Nc6 {[%emt 0:00:39]} 7. Qg4 {[%emt 0:00:06]} Qf6 {[%emt
0:00:37]} 8. Nc3 {[%emt 0:00:03]} d5 {[%emt 0:01:20]} 9. Qg3 {[%emt 0:00:03]}
dxc4 {[%emt 0:00:36]} 10. Nd5 {[%emt 0:00:02]} Qg6 {[%emt 0:00:11]} 11. Nxc7+ {
[%emt 0:00:51]} Kf8 {[%emt 0:00:52]} 12. Qxg6 {[%emt 0:00:50]} hxg6 {[%emt
0:00:00]} 13. Nxa8 {[%emt 0:00:01]} Nf6 {[%emt 0:00:11]} 14. f3 {[%emt
0:00:23]} Ne8 {[%emt 0:00:17]} 15. O-O-O {[%emt 0:00:29]} b6 {[%emt 0:00:03]}
16. f4 { [%emt 0:02:33]} Bb7 {[%emt 0:00:15]} 17. Nc7 {[%emt 0:00:18]} Nxc7
{[%emt 0:00:04]} 18. Rd7 {[%emt 0:00:03]} exf4 {[%emt 0:02:06]} 19. Bxf4 {[%emt
0:01:18]} Rh4 {[%emt 0:00:04]} 20. Bd6+ {[%emt 0:00:24]} Kg8 {[%emt 0:00:12]}
21. Rxc7 { [%emt 0:00:07]} Na5 {[%emt 0:00:03]} 22. Bb4 {[%emt 0:00:22]} Bxe4
{[%emt 0:00:10]} 23. Bxa5 {[%emt 0:00:03]} bxa5 {[%emt 0:00:02]} 24. Rxc4
{[%emt 0:00:03]} g5 {[%emt 0:00:22]} 25. g3 {[%emt 0:00:29]} Bxh1 {[%emt
0:00:26]} 26. gxh4 { [%emt 0:00:04]} gxh4 {[%emt 0:00:03]} 27. Rxh4 {[%emt
0:00:01]} g5 {[%emt 0:00:03]} 28. Ra4 {[%emt 0:00:09]} f5 {[%emt 0:00:02]} 29.
Rxa5 {[%emt 0:00:06]} Be4 {[%emt 0:00:00]} 30. Rxa7 {[%emt 0:00:21]} f4 {[%emt
0:00:08]} 31. Ra5 { [%emt 0:00:04]} f3 {[%emt 0:00:04]} 32. Rxg5+ {[%emt
0:00:02]} Kf7 {[%emt 0:00:00]} 33. Rg4 {[%emt 0:00:07]} Bd5 {[%emt 0:00:17]}
34. Kd2 {[%emt 0:00:05]} Kf6 {[%emt 0:00:06]} 35. Ke3 {[%emt 0:00:03]} Kf5
{[%emt 0:00:00]} 36. Rf4+ { [%emt 0:00:03]} Ke5 {[%emt 0:00:01]} 37. Rxf3
{[%emt 0:00:00]} 1-0

[Event "DSJ Weihnachtsturnier U16: Steinitz 2020"]
[Site ""]
[Date "2020.12.28"]
[Round "2"]
[White "Ehrig, Leon Chris"]
[Black "Helms, Finn"]
[Result "0-1"]
[Termination "normal"]
[Board "1.2"]
[WhiteElo "1685"]
[BlackElo "1934"]
[WhiteTeam "USG Chemnitz"]
[BlackTeam "SV Werder Bremen"]
[PlyCount "146"]
[WhiteFideId "16244796"]
[BlackFideId "16249143"]
[EventRounds "7"]
[EventType "team-swiss"]
[EventDate "2020.12.28"]

1. e4 {[%emt 0:00:07]} c6 {[%emt 0:00:06]} 2. Nf3 {[%emt 0:00:18]} d5 {[%emt
0:00:02]} 3. Nc3 {[%emt 0:00:02]} dxe4 {[%emt 0:00:02]} 4. Nxe4 {[%emt
0:00:02]} Nf6 {[%emt 0:00:01]} 5. Nxf6+ {[%emt 0:00:33]} exf6 {[%emt 0:00:00]}
6. d4 { [%emt 0:00:02]} Bd6 {[%emt 0:00:02]} 7. Bd3 {[%emt 0:00:03]} O-O {[%emt
0:00:06]} 8. O-O {[%emt 0:00:02]} Nd7 {[%emt 0:00:02]} 9. c3 {[%emt 0:00:02]}
Re8 { [%emt 0:00:01]} 10. Qc2 {[%emt 0:00:08]} Nf8 {[%emt 0:00:02]} 11. h3
{[%emt 0:00:15]} Be6 {[%emt 0:00:04]} 12. Be3 {[%emt 0:00:39]} Qd7 {[%emt
0:00:11]} 13. Rfe1 {[%emt 0:03:26]} Bxh3 {[%emt 0:02:16]} 14. gxh3 {[%emt
0:00:04]} Qxh3 { [%emt 0:00:00]} 15. Qd1 {[%emt 0:00:25] Chemni1-002 offers a
draw} Ne6 { [%emt 0:00:54]} 16. Bf1 {[%emt 0:00:48]} Qg4+ {[%emt 0:00:07]} 17.
Bg2 { [%emt 0:00:02]} Bf4 {[%emt 0:00:39]} 18. Nd2 {[%emt 0:00:22]} Qg6 {[%emt
0:00:20]} 19. Bxf4 {[%emt 0:00:35]} Nxf4 {[%emt 0:00:03]} 20. Qf3 {[%emt
0:00:02]} Qg5 {[%emt 0:00:31]} 21. Ne4 {[%emt 0:00:04]} Qf5 {[%emt 0:01:08]}
22. Nd6 { [%emt 0:00:37]} Rxe1+ {[%emt 0:00:16]} 23. Rxe1 {[%emt 0:00:00]} Qg5
{[%emt 0:00:12]} 24. Re7 {[%emt 0:00:19]} Nxg2 {[%emt 0:01:03]} 25. Qxg2 {[%emt
0:00:09] } Qc1+ {[%emt 0:00:02]} 26. Kh2 {[%emt 0:00:17]} Qf4+ {[%emt 0:00:04]}
27. Qg3 {[%emt 0:00:01]} Qh6+ {[%emt 0:00:13]} 28. Kg2 {[%emt 0:00:03]
Werder2-002 offers a draw} Qh5 {[%emt 0:00:16]} 29. Rxf7 {[%emt 0:01:05]} Qd5+
{[%emt 0:00:21]} 30. f3 {[%emt 0:00:03]} g6 {[%emt 0:00:04]} 31. Rxb7 {[%emt
0:00:04] Chemni1-002 offers a draw} Rd8 {[%emt 0:00:09]} 32. Rxa7 {[%emt
0:00:02]} Rxd6 {[%emt 0:00:04]} 33. Ra8+ {[%emt 0:00:01]} Kg7 {[%emt 0:00:02]}
34. Ra7+ { [%emt 0:00:01]} Rd7 {[%emt 0:00:02]} 35. Rxd7+ {[%emt 0:00:02]} Qxd7
{[%emt 0:00:00]} 36. a4 {[%emt 0:00:01]} c5 {[%emt 0:00:02]} 37. dxc5 {[%emt
0:00:07]} Qd2+ {[%emt 0:00:02]} 38. Qf2 {[%emt 0:00:01]} Qg5+ {[%emt 0:00:02]}
39. Qg3 { [%emt 0:00:01]} Qxc5 {[%emt 0:00:02]} 40. f4 {[%emt 0:00:05]} Qb6
{[%emt 0:00:03]} 41. b4 {[%emt 0:00:02]} Qc6+ {[%emt 0:00:02]} 42. Kh3 {[%emt
0:00:03]} f5 {[%emt 0:00:05]} 43. Kh2 {[%emt 0:00:06]} Qc4 {[%emt 0:00:05]} 44.
a5 {[%emt 0:00:02]} Qe2+ {[%emt 0:00:02]} 45. Qg2 {[%emt 0:00:03]} Qe3 {[%emt
0:00:05]} 46. Qg3 {[%emt 0:00:02]} Qe2+ {[%emt 0:00:02]} 47. Qg2 {[%emt
0:00:01]} Qe3 { [%emt 0:00:05]} 48. Qg3 {[%emt 0:00:01]} Qd2+ {[%emt 0:00:02]}
49. Kh3 { [%emt 0:00:04]} Qe2 {[%emt 0:00:03]} 50. Qg2 {[%emt 0:00:07]} Qe3+
{[%emt 0:00:02]} 51. Qg3 {[%emt 0:00:01]} Qe2 {[%emt 0:00:01]} 52. Qg2 {[%emt
0:00:01]} Qh5+ {[%emt 0:00:01]} 53. Kg3 {[%emt 0:00:01]} Qg4+ {[%emt 0:00:01]}
54. Kf2 { [%emt 0:00:01]} Qxf4+ {[%emt 0:00:01]} 55. Kg1 {[%emt 0:00:01]} Qc1+
{[%emt 0:00:02]} 56. Kh2 {[%emt 0:00:01]} Qxc3 {[%emt 0:00:01]} 57. a6 {[%emt
0:00:02]} Qe5+ {[%emt 0:00:02]} 58. Kh1 {[%emt 0:00:02]} Qa1+ {[%emt 0:00:01]}
59. Kh2 { [%emt 0:00:02]} Qxa6 {[%emt 0:00:01]} 60. Qb2+ {[%emt 0:00:01]} Qf6
{[%emt 0:00:03]} 61. Qa3 {[%emt 0:00:06]} Qh4+ {[%emt 0:00:02]} 62. Kg2 {[%emt
0:00:01]} Qg4+ {[%emt 0:00:01]} 63. Kf2 {[%emt 0:00:01]} f4 {[%emt 0:00:02]}
64. Qc3+ { [%emt 0:00:02]} Kh6 {[%emt 0:00:03]} 65. b5 {[%emt 0:00:01]} Qh4+
{[%emt 0:00:10]} 66. Ke2 {[%emt 0:00:02]} Qh2+ {[%emt 0:00:01]} 67. Kd1 {[%emt
0:00:03]} Qg1+ {[%emt 0:00:03]} 68. Kc2 {[%emt 0:00:02]} Qf2+ {[%emt 0:00:05]}
69. Kb3 { [%emt 0:00:01]} Qb6 {[%emt 0:00:10]} 70. Qc6 {[%emt 0:00:06]} Qe3+
{[%emt 0:00:04]} 71. Kb4 {[%emt 0:00:01]} f3 {[%emt 0:00:03]} 72. b6 {[%emt
0:00:01]} f2 { [%emt 0:00:02]} 73. b7 {[%emt 0:00:10]} f1=Q {[%emt 0:00:03]}
0-1

[Event "DSJ Weihnachtsturnier U16: Steinitz 2020"]
[Site ""]
[Date "2020.12.28"]
[Round "2"]
[White "Bildat, Emilia"]
[Black "Lorenz, Jakob"]
[Result "1-0"]
[Termination "normal"]
[Board "1.3"]
[WhiteElo "1852"]
[BlackElo "1575"]
[WhiteTeam "SV Werder Bremen"]
[BlackTeam "USG Chemnitz"]
[PlyCount "107"]
[WhiteFideId "16218140"]
[BlackFideId "16259475"]
[EventRounds "7"]
[EventType "team-swiss"]
[EventDate "2020.12.28"]

1. c4 {[%emt 0:00:03]} e5 {[%emt 0:00:05]} 2. g3 {[%emt 0:00:03]} Nc6 {[%emt
0:00:08]} 3. Bg2 {[%emt 0:00:01]} Bc5 {[%emt 0:00:13]} 4. Nc3 {[%emt 0:00:02]}
d6 {[%emt 0:00:07]} 5. e3 {[%emt 0:00:27]} a6 {[%emt 0:00:05]} 6. Nge2 {[%emt
0:00:05]} Nge7 {[%emt 0:00:04]} 7. O-O {[%emt 0:00:03]} h5 {[%emt 0:00:04]} 8.
d4 {[%emt 0:00:07]} exd4 {[%emt 0:00:10]} 9. exd4 {[%emt 0:00:00]} Ba7 {[%emt
0:00:03]} 10. a3 {[%emt 0:00:33]} h4 {[%emt 0:00:13]} 11. b4 {[%emt 0:00:22]}
Nf5 {[%emt 0:00:16]} 12. c5 {[%emt 0:00:28]} hxg3 {[%emt 0:00:42]} 13. fxg3 {
[%emt 0:00:12]} Qe7 {[%emt 0:00:37]} 14. Re1 {[%emt 0:00:28]} Kf8 {[%emt
0:00:40]} 15. Nf4 {[%emt 0:00:25]} Qf6 {[%emt 0:00:25]} 16. Nfd5 {[%emt
0:01:01]} Qd8 {[%emt 0:00:47]} 17. Be3 {[%emt 0:00:49]} Be6 {[%emt 0:00:33]}
18. Bf2 { [%emt 0:00:19]} Rc8 {[%emt 0:01:11]} 19. Qd2 {[%emt 0:00:35]
Chemni1-003 reconnected.} Nce7 {[%emt 0:00:44]} 20. Nxe7 {[%emt 0:00:09]} Nxe7
{[%emt 0:00:11]} 21. Bxb7 {[%emt 0:00:19]} Rb8 {[%emt 0:00:08]} 22. Bg2 {[%emt
0:00:05]} Bh3 {[%emt 0:00:12]} 23. Bxh3 {[%emt 0:00:45]} Rxh3 {[%emt 0:00:03]}
24. Qg5 { [%emt 0:00:06]} f6 {[%emt 0:00:16]} 25. Qg4 {[%emt 0:00:15]} Rh7
{[%emt 0:00:13]} 26. Re2 {[%emt 0:00:08]} Qc8 {[%emt 0:00:15]} 27. Qe4 {[%emt
0:00:29]} g6 {[%emt 0:00:16]} 28. Qe6 {[%emt 0:00:21]} Qxe6 {[%emt 0:00:07]}
29. Rxe6 { [%emt 0:00:00]} Kf7 {[%emt 0:00:06]} 30. Rae1 {[%emt 0:00:05]} Re8
{[%emt 0:00:05]} 31. Nd5 {[%emt 0:00:12]} Nxd5 {[%emt 0:00:36]} 32. Rxe8 {[%emt
0:00:04]} dxc5 {[%emt 0:00:07]} 33. dxc5 {[%emt 0:00:06]} Rh5 {[%emt 0:00:09]
Chemni1-003 offers a draw} 34. Rd8 {[%emt 0:00:32]} a5 {[%emt 0:00:40]} 35. Ra8
{[%emt 0:00:14]} axb4 {[%emt 0:00:06]} 36. axb4 {[%emt 0:00:05]} Bxc5 {[%emt
0:00:05]} 37. bxc5 {[%emt 0:00:03]} Ne7 {[%emt 0:00:06]} 38. Ra7 {[%emt
0:00:11]} Rd5 {[%emt 0:00:07]} 39. Rxc7 {[%emt 0:00:08]} Re5 {[%emt 0:00:05]}
40. Rxe5 { [%emt 0:00:02]} fxe5 {[%emt 0:00:00]} 41. c6 {[%emt 0:00:04]} Ke6
{[%emt 0:00:02]} 42. Rxe7+ {[%emt 0:00:07]} Kxe7 {[%emt 0:00:02]} 43. c7 {[%emt
0:00:01]} Kd7 {[%emt 0:00:02]} 44. Bb6 {[%emt 0:00:01]} Kc8 {[%emt 0:00:11]}
45. Kf2 { [%emt 0:00:01]} Kb7 {[%emt 0:00:01]} 46. Ke3 {[%emt 0:00:02]} Kxb6
{[%emt 0:00:03]} 47. c8=Q {[%emt 0:00:02]} Kb5 {[%emt 0:00:02]} 48. Ke4 {[%emt
0:00:02]} Kb4 {[%emt 0:00:01]} 49. Kxe5 {[%emt 0:00:02]} Kb5 {[%emt 0:00:01]}
50. Kd5 { [%emt 0:00:01]} g5 {[%emt 0:00:00]} 51. Qc5+ {[%emt 0:00:01]} Ka4
{[%emt 0:00:06]} 52. Qb6 {[%emt 0:00:01]} g4 {[%emt 0:00:00]} 53. Kc4 {[%emt
0:00:02]} Ka3 {[%emt 0:00:00]} 54. Qb3# {[%emt 0:00:01]} 1-0

[Event "DSJ Weihnachtsturnier U16: Steinitz 2020"]
[Site ""]
[Date "2020.12.28"]
[Round "2"]
[White "Dickel, Karl-Joachim"]
[Black "Pfeffer, Samuel"]
[Result "0-1"]
[Termination "normal"]
[Board "1.4"]
[WhiteElo "1244"]
[BlackElo "1487"]
[WhiteTeam "USG Chemnitz"]
[BlackTeam "SV Werder Bremen"]
[PlyCount "66"]
[WhiteFideId "34630120"]
[BlackFideId "16249160"]
[EventRounds "7"]
[EventType "team-swiss"]
[EventDate "2020.12.28"]

1. e4 {[%emt 0:00:03] Werder2-004 reconnected.} e5 {[%emt 0:01:19]} 2. Nf3 {
[%emt 0:00:02]} Nc6 {[%emt 0:00:18]} 3. Bc4 {[%emt 0:00:03]} Nf6 {[%emt
0:00:04]} 4. Nc3 {[%emt 0:00:02]} Nxe4 {[%emt 0:00:04]} 5. Nxe4 {[%emt
0:00:03]} d5 {[%emt 0:00:02]} 6. Bb5 {[%emt 0:00:09]} dxe4 {[%emt 0:00:06]} 7.
Bxc6+ { [%emt 0:00:05]} bxc6 {[%emt 0:00:08]} 8. Nxe5 {[%emt 0:00:10]} Qg5
{[%emt 0:00:46]} 9. d4 {[%emt 0:00:31]} Qxg2 {[%emt 0:00:05]} 10. Rf1 {[%emt
0:00:35]} Bd6 {[%emt 0:00:18]} 11. Nc4 {[%emt 0:00:51]} Bxh2 {[%emt 0:00:23]}
12. Be3 { [%emt 0:00:53]} Bg4 {[%emt 0:00:19]} 13. Qd2 {[%emt 0:00:20]} O-O
{[%emt 0:00:39]} 14. Ne5 {[%emt 0:00:30]} Bxe5 {[%emt 0:00:09]} 15. dxe5 {[%emt
0:00:03]} Rfd8 {[%emt 0:00:11]} 16. Qc1 {[%emt 0:00:35]} Bh3 {[%emt 0:00:13]}
17. Ke2 { [%emt 0:00:37]} Qf3+ {[%emt 0:00:09]} 18. Ke1 {[%emt 0:00:07]} Bg4
{[%emt 0:00:07]} 19. Qd2 {[%emt 0:00:49]} Rxd2 {[%emt 0:00:05]} 20. Kxd2 {[%emt
0:00:03]} Qe2+ {[%emt 0:00:03]} 21. Kc3 {[%emt 0:00:03]} Rd8 {[%emt 0:00:24]}
22. Rfe1 { [%emt 0:00:16]} Qb5 {[%emt 0:00:05]} 23. b3 {[%emt 0:00:19]
Werder2-004 reconnected.} c5 {[%emt 0:00:24]} 24. Bg5 {[%emt 0:00:39]} Qb4+
{[%emt 0:00:08] } 25. Kb2 {[%emt 0:00:07]} Rb8 {[%emt 0:00:11]} 26. Rg1 {[%emt
0:00:55]} Bf5 { [%emt 0:00:20]} 27. Rad1 {[%emt 0:00:04]} c4 {[%emt 0:00:21]}
28. Rd4 {[%emt 0:00:09]} c3+ {[%emt 0:00:04]} 29. Kc1 {[%emt 0:00:07]} Qxd4
{[%emt 0:00:03]} 30. Rd1 {[%emt 0:00:04]} Qxf2 {[%emt 0:00:07]} 31. Kb1 {[%emt
0:00:11] Werder2-004 reconnected.} e3 {[%emt 0:00:31]} 32. Rh1 {[%emt 0:00:34]}
Qxc2+ {[%emt 0:00:14]} 33. Ka1 {[%emt 0:00:01]} Qb2# {[%emt 0:00:01]} 0-1

[Event "DSJ Weihnachtsturnier U16: Steinitz 2020"]
[Site ""]
[Date "2020.12.28"]
[Round "2"]
[White "Tovmasyan, Minas"]
[Black "Ciolacu, Alessia-Mihaela"]
[Result "0-1"]
[Termination "time forfeit"]
[Board "2.1"]
[BlackTitle "WFM"]
[WhiteElo "1771"]
[BlackElo "2052"]
[WhiteTeam "TuS Makkabi Rostock"]
[BlackTeam "Schachverein Hemer 1932"]
[PlyCount "54"]
[WhiteFideId "16247620"]
[BlackFideId "1252640"]
[EventRounds "7"]
[EventType "team-swiss"]
[EventDate "2020.12.28"]

1. d4 {[%emt 0:00:03]} d5 {[%emt 0:00:04]} 2. c4 {[%emt 0:00:01]} c6 {[%emt
0:00:01]} 3. cxd5 {[%emt 0:00:02]} cxd5 {[%emt 0:00:01]} 4. Bf4 {[%emt
0:00:00]} Nc6 {[%emt 0:00:03]} 5. e3 {[%emt 0:00:02]} Nf6 {[%emt 0:00:03]} 6.
Nc3 { [%emt 0:00:02]} Bf5 {[%emt 0:00:11]} 7. Be2 {[%emt 0:00:05]} e6 {[%emt
0:00:04] } 8. g4 {[%emt 0:00:03]} Bg6 {[%emt 0:00:08]} 9. h4 {[%emt 0:00:01]}
h5 { [%emt 0:00:05]} 10. g5 {[%emt 0:00:05]} Ne4 {[%emt 0:00:31]} 11. Nxe4
{[%emt 0:02:24]} Bxe4 {[%emt 0:00:02]} 12. Bf3 {[%emt 0:00:11]} Qa5+ {[%emt
0:00:45]} 13. Kf1 {[%emt 0:00:07]} Rc8 {[%emt 0:00:26]} 14. Bxe4 {[%emt
0:01:43]} dxe4 { [%emt 0:00:03]} 15. a3 {[%emt 0:00:30]} Qb5+ {[%emt 0:01:25]}
16. Qe2 {[%emt 0:00:44]} Qb3 {[%emt 0:00:06]} 17. Rc1 {[%emt 0:00:44]} Be7
{[%emt 0:00:09]} 18. Rc3 {[%emt 0:00:13]} Qd5 {[%emt 0:00:22]} 19. Nh3 {[%emt
0:00:16]} g6 {[%emt 0:00:44]} 20. Be5 {[%emt 0:00:32]} O-O {[%emt 0:00:59]} 21.
Nf4 {[%emt 0:00:02]} Qa5 {[%emt 0:00:01]} 22. Qc2 {[%emt 0:01:55]} Qb5+ {[%emt
0:00:43]} 23. Kg2 { [%emt 0:00:10]} Rcd8 {[%emt 0:00:19]} 24. Qxe4 {[%emt
0:00:40]} Nxe5 {[%emt 0:00:03]} 25. Qxe5 {[%emt 0:00:06]} Qxb2 {[%emt 0:00:24]}
26. Rc7 {[%emt 0:00:02] } Bd6 {[%emt 0:00:02]} 27. Nxe6 {[%emt 0:00:09] .} Bxe5
{[%emt 0:00:04] TimeW} 0-1

[Event "DSJ Weihnachtsturnier U16: Steinitz 2020"]
[Site ""]
[Date "2020.12.28"]
[Round "2"]
[White "Leonard, Timo"]
[Black "Röste, Hugo"]
[Result "1-0"]
[Termination "normal"]
[Board "2.2"]
[WhiteElo "1953"]
[BlackElo "1597"]
[WhiteTeam "Schachverein Hemer 1932"]
[BlackTeam "TuS Makkabi Rostock"]
[PlyCount "21"]
[WhiteFideId "16208757"]
[BlackFideId "16247604"]
[EventRounds "7"]
[EventType "team-swiss"]
[EventDate "2020.12.28"]

1. e4 {[%emt 0:00:00]} c5 {[%emt 0:00:03]} 2. c3 {[%emt 0:00:03]} d5 {[%emt
0:00:16]} 3. exd5 {[%emt 0:00:04]} Qxd5 {[%emt 0:00:02]} 4. d4 {[%emt 0:00:03]}
cxd4 {[%emt 0:00:06]} 5. cxd4 {[%emt 0:00:02]} Nc6 {[%emt 0:00:02]} 6. Nf3 {
[%emt 0:00:10]} Nf6 {[%emt 0:00:05]} 7. Nc3 {[%emt 0:00:08]} Qd8 {[%emt
0:00:05]} 8. d5 {[%emt 0:00:29]} Nb4 {[%emt 0:00:17]} 9. Qa4+ {[%emt 0:00:08]}
Bd7 { [%emt 0:00:24]} 10. Qxb4 {[%emt 0:00:10]} e6 {[%emt 0:00:04]} 11. Qb3
{[%emt 0:00:34]} 1-0

[Event "DSJ Weihnachtsturnier U16: Steinitz 2020"]
[Site ""]
[Date "2020.12.28"]
[Round "2"]
[White "Wellßow, Keoki"]
[Black "Poggemann, Alexander"]
[Result "0-1"]
[Termination "normal"]
[Board "2.3"]
[WhiteElo "1510"]
[BlackElo "1813"]
[WhiteTeam "TuS Makkabi Rostock"]
[BlackTeam "Schachverein Hemer 1932"]
[PlyCount "54"]
[WhiteFideId "16251075"]
[BlackFideId "16224167"]
[EventRounds "7"]
[EventType "team-swiss"]
[EventDate "2020.12.28"]

1. c4 {[%emt 0:00:13]} e6 {[%emt 0:00:03]} 2. g3 {[%emt 0:00:01]} d5 {[%emt
0:00:06]} 3. Bg2 {[%emt 0:00:04]} Nf6 {[%emt 0:00:02]} 4. Nc3 {[%emt 0:00:06]}
Bb4 {[%emt 0:00:12]} 5. a3 {[%emt 0:00:04]} Bxc3 {[%emt 0:00:02]} 6. bxc3 {
[%emt 0:00:10]} c5 {[%emt 0:00:12]} 7. e3 {[%emt 0:00:26]} Nc6 {[%emt 0:00:09]}
8. Ne2 {[%emt 0:00:05]} O-O {[%emt 0:00:06]} 9. cxd5 {[%emt 0:00:06]} exd5 {
[%emt 0:00:04]} 10. d4 {[%emt 0:00:06]} cxd4 {[%emt 0:00:07]} 11. cxd4 { [%emt
0:00:03]} Bf5 {[%emt 0:00:12]} 12. O-O {[%emt 0:00:14]} Qd7 {[%emt 0:00:14]}
13. Nc3 {[%emt 0:00:27]} Bh3 {[%emt 0:00:40]} 14. Qb3 {[%emt 0:00:33]} Rad8
{[%emt 0:00:29]} 15. f3 {[%emt 0:00:32]} Bxg2 {[%emt 0:00:07]} 16. Kxg2 { [%emt
0:00:37]} Rfe8 {[%emt 0:00:07]} 17. Rb1 {[%emt 0:00:28]} Na5 {[%emt 0:00:26]}
18. Qb5 {[%emt 0:00:19]} Qxb5 {[%emt 0:00:16]} 19. Nxb5 {[%emt 0:00:22]} a6
{[%emt 0:00:43]} 20. Nc7 {[%emt 0:00:31]} Re7 {[%emt 0:00:14]} 21. Bd2 { [%emt
0:00:16]} Nc4 {[%emt 0:00:12]} 22. Bb4 {[%emt 0:00:55]} Rxc7 {[%emt 0:00:16]
Rostock2-003 offers a draw} 23. Rfc1 {[%emt 0:01:06]} Nxe3+ {[%emt 0:00:13] }
24. Kf2 {[%emt 0:00:19]} Rxc1 {[%emt 0:00:05]} 25. Rxc1 {[%emt 0:00:03]} Nc4
{[%emt 0:00:02]} 26. Be7 {[%emt 0:00:03]} Rd7 {[%emt 0:00:05]} 27. Bxf6 { [%emt
0:00:03]} gxf6 {[%emt 0:00:02]} 0-1

[Event "DSJ Weihnachtsturnier U16: Steinitz 2020"]
[Site ""]
[Date "2020.12.28"]
[Round "2"]
[White "Becker, Linda"]
[Black "Janssen, Joris Frederik"]
[Result "1/2-1/2"]
[Termination "normal"]
[Board "2.4"]
[WhiteElo "1763"]
[BlackElo "1440"]
[WhiteTeam "Schachverein Hemer 1932"]
[BlackTeam "TuS Makkabi Rostock"]
[PlyCount "36"]
[WhiteFideId "16244753"]
[BlackFideId "16287061"]
[EventRounds "7"]
[EventType "team-swiss"]
[EventDate "2020.12.28"]

1. d4 {[%emt 0:00:04]} d5 {[%emt 0:00:06]} 2. c4 {[%emt 0:00:03]} e6 {[%emt
0:00:11]} 3. Nc3 {[%emt 0:00:03]} Nf6 {[%emt 0:00:05]} 4. cxd5 {[%emt 0:00:03]}
exd5 {[%emt 0:00:09]} 5. Bg5 {[%emt 0:00:13]} Be6 {[%emt 0:00:13]} 6. e3 {
[%emt 0:00:10]} Nbd7 {[%emt 0:00:13]} 7. Nf3 {[%emt 0:00:04]} Be7 {[%emt
0:00:16]} 8. Bd3 {[%emt 0:00:13]} O-O {[%emt 0:00:04]} 9. O-O {[%emt 0:00:05]}
h6 { [%emt 0:00:10]} 10. Bh4 {[%emt 0:00:10]} Rc8 {[%emt 0:00:16]} 11. Qc2
{[%emt 0:00:17]} b6 {[%emt 0:00:24]} 12. h3 {[%emt 0:00:25]} c5 {[%emt
0:00:13]} 13. Rfe1 {[%emt 0:01:14]} cxd4 {[%emt 0:00:44]} 14. exd4 {[%emt
0:00:07]} Re8 { [%emt 0:00:40]} 15. Bxf6 {[%emt 0:00:47]} Nxf6 {[%emt 0:00:15]}
16. Qb3 { [%emt 0:00:42]} Bd6 {[%emt 0:00:32]} 17. Nb5 {[%emt 0:00:51]} Qd7
{[%emt 0:01:04]} 18. Nc3 {[%emt 0:00:16]} Qd8 {[%emt 0:01:00] Hemer4-004 offers
a draw} 1/2-1/2

[Event "DSJ Weihnachtsturnier U16: Steinitz 2020"]
[Site ""]
[Date "2020.12.28"]
[Round "2"]
[White "Yi, Danny"]
[Black "Werner, Rosalie"]
[Result "1-0"]
[Termination "normal"]
[Board "3.1"]
[WhiteTitle "FM"]
[WhiteElo "2253"]
[BlackElo "1751"]
[WhiteTeam "SF 59 Kornwestheim"]
[BlackTeam "VSG 1880 Offenbach"]
[PlyCount "103"]
[WhiteFideId "12988588"]
[BlackFideId "16223748"]
[EventRounds "7"]
[EventType "team-swiss"]
[EventDate "2020.12.28"]

1. e4 {[%emt 0:00:13]} e6 {[%emt 0:00:10]} 2. d4 {[%emt 0:00:01]} d5 {[%emt
0:00:01]} 3. Nd2 {[%emt 0:00:01]} Nf6 {[%emt 0:00:02]} 4. e5 {[%emt 0:00:00]}
Nfd7 {[%emt 0:00:01]} 5. Bd3 {[%emt 0:00:00]} c5 {[%emt 0:00:02]} 6. c3 { [%emt
0:00:00]} Nc6 {[%emt 0:00:06]} 7. Ne2 {[%emt 0:00:03]} cxd4 {[%emt 0:00:04]} 8.
cxd4 {[%emt 0:00:01]} f6 {[%emt 0:00:02]} 9. exf6 {[%emt 0:00:01]} Nxf6 {[%emt
0:00:01]} 10. O-O {[%emt 0:00:05]} Bd6 {[%emt 0:00:04]} 11. Nf3 { [%emt
0:00:04]} O-O {[%emt 0:00:03]} 12. h3 {[%emt 0:00:13]} Qc7 {[%emt 0:00:24]} 13.
Be3 {[%emt 0:00:24]} e5 {[%emt 0:01:07]} 14. dxe5 {[%emt 0:00:10]} Nxe5 {[%emt
0:00:18]} 15. Nxe5 {[%emt 0:00:02]} Bxe5 {[%emt 0:00:01]} 16. Rc1 { [%emt
0:00:09]} Qe7 {[%emt 0:00:24]} 17. Re1 {[%emt 0:00:23]} Bd6 {[%emt 0:01:00]}
18. Nd4 {[%emt 0:00:18]} Qf7 {[%emt 0:00:20]} 19. a3 {[%emt 0:00:25]} Bd7
{[%emt 0:00:23] Offenba3-001 reconnected.} 20. Nb5 {[%emt 0:01:28]} Bxb5 {
[%emt 0:00:11]} 21. Bxb5 {[%emt 0:00:00]} a6 {[%emt 0:00:09]} 22. Bd3 {[%emt
0:00:06]} Rac8 {[%emt 0:00:09] Offenba3-001 reconnected.} 23. Rxc8 {[%emt
0:00:25]} Rxc8 {[%emt 0:00:03]} 24. Bd4 {[%emt 0:00:01]} Bc5 {[%emt 0:00:51]
Offenba3-001 reconnected.} 25. Bf5 {[%emt 0:01:55]} Re8 {[%emt 0:00:57]} 26.
Bxc5 {[%emt 0:00:15]} g6 {[%emt 0:01:08]} 27. Bd3 {[%emt 0:00:27]} Kg7 { [%emt
0:00:29]} 28. Bd4 {[%emt 0:00:06]} Re7 {[%emt 0:00:20]} 29. Rxe7 { [%emt
0:00:07]} Qxe7 {[%emt 0:00:02]} 30. Qf3 {[%emt 0:00:02]} Qe1+ {[%emt 0:00:20]}
31. Kh2 {[%emt 0:00:01]} Qe6 {[%emt 0:00:13]} 32. Qxf6+ {[%emt 0:00:19] } Qxf6
{[%emt 0:00:03]} 33. Bxf6+ {[%emt 0:00:00]} Kxf6 {[%emt 0:00:00]} 34. f4 {[%emt
0:00:01]} Ke6 {[%emt 0:00:15]} 35. Kg3 {[%emt 0:00:03]} Kd6 {[%emt 0:00:05]}
36. Kf3 {[%emt 0:00:01]} Kc5 {[%emt 0:00:02]} 37. Ke3 {[%emt 0:00:03]
Offenba3-001 reconnected. Offenba3-001 reconnected.} a5 {[%emt 0:00:42]} 38. g4
{[%emt 0:00:06]} b5 {[%emt 0:00:07]} 39. f5 {[%emt 0:00:05]} gxf5 {[%emt
0:00:05]} 40. gxf5 {[%emt 0:00:00]} b4 {[%emt 0:00:06]} 41. axb4+ {[%emt
0:00:01]} axb4 {[%emt 0:00:02]} 42. b3 {[%emt 0:00:05]} Kd6 {[%emt 0:00:04]}
43. Kd4 { [%emt 0:00:01]} h6 {[%emt 0:00:03]} 44. Be2 {[%emt 0:00:05]} Ke7
{[%emt 0:00:09]} 45. Kxd5 {[%emt 0:00:02]} Kf6 {[%emt 0:00:01]} 46. Ke4 {[%emt
0:00:02]} h5 {[%emt 0:00:03]} 47. Bxh5 {[%emt 0:00:02]} Kg5 {[%emt 0:00:04]}
48. Ke5 { [%emt 0:00:06]} Kxh5 {[%emt 0:00:02]} 49. f6 {[%emt 0:00:02]} Kg5
{[%emt 0:00:02]} 50. f7 {[%emt 0:00:02]} Kg6 {[%emt 0:00:11]} 51. f8=Q {[%emt
0:00:02]} Kh7 {[%emt 0:00:03]} 52. Qf6 {[%emt 0:00:10] Arbiter Decision
(ClaimWin Time Overstepped), result=2} 1-0